Never use Pop Up Windows (Record no. 239781)

MARC details
000 -LEADER
fixed length control field 00276pam a2200121 a 4500
020 ## - INTERNATIONAL STANDARD BOOK NUMBER
Terms of availability
041 ## - LANGUAGE CODE
Language code of original
082 ## - DEWEY DECIMAL CLASSIFICATION NUMBER
Classification number 659.1
Item number PAG
245 ## - TITLE STATEMENT
Title Never use Pop Up Windows
Medium Textual Documents
260 ## - PUBLICATION, DISTRIBUTION, ETC.
Place of publication, distribution, etc. [s.l]:
Name of publisher, distributor, etc. Page one Publishing ,
Date of publication, distribution, etc. 2010.
300 ## - PHYSICAL DESCRIPTION
Other physical details hard;
930 ## - EQUIVALENCE OR CROSS-REFERENCE-UNIFORM TITLE HEADING [LOCAL, CANADA]
Uniform title 5991
Holdings
Withdrawn status Lost status Damaged status Not for loan Collection Home library Current library Date acquired Source of acquisition Cost, normal purchase price Total Checkouts Full call number Barcode Date last seen Copy number Price effective from Koha item type
          College of Fine Arts, Pune College of Fine Arts, Pune 08/10/2011 Bhararti Sahakari Grahak Bhandar 963.63   659.1 PAG FAP-6347 07/03/2023 1 07/03/2023 Book